| 000 | 00485nam a22001817a 4500 | ||
|---|---|---|---|
| 005 | 20220623102659.0 | ||
| 008 | 150626b xxu||||| |||| 00| 0 spa d | ||
| 041 | _aspa | ||
| 082 | _aTU 59 | ||
| 100 |
_aDiaz Cáceres Karina _963952 |
||
| 245 | _aInforme de práctica supervisada realizada en el Hotel El Guarco | ||
| 260 | _c2016 | ||
| 650 |
_aCOSTA RICA _963953 |
||
| 650 |
_aTURISMO _9894 |
||
| 650 |
_aADMINISTRACIÓN _9268 |
||
| 650 |
_aATENCIÓN AL CLIENTE _92068 |
||
| 942 | _cIP | ||
| 999 |
_c8608 _d8608 |
||